| 000 | 00720nam a2200229 a 4500 | ||
|---|---|---|---|
| 001 | 000018861 | ||
| 005 | 20200929165854.0 | ||
| 008 | 100519s1995 ag 000 f spa d | ||
| 020 | _a9501515508 | ||
| 040 |
_aDO-SdBNP _bspa _cBNPHU |
||
| 082 |
_a823.914 _bF692c |
||
| 100 | 1 |
_aForbes, Colin _d1923-2006 _940629 |
|
| 245 | 1 | 0 |
_aCruz de fuego / _cColin Forbes ; traducción de Aníbal Leal. |
| 260 |
_aBuenos Aires, Argentina : _bJavier Vergara, _c1995. |
||
| 300 |
_a398 p. ; _c23 cm. |
||
| 504 | _aIncluye referencias bibliográficas y notas al pie de las páginas | ||
| 650 | 4 |
_aNovela inglesa _91071 |
|
| 650 | 4 |
_aLiteratura inglesa _9498 |
|
| 700 | 1 |
_aLeal, Aníbal, _etr. _94573 |
|
| 910 | _aWM | ||
| 049 | _aBNGR | ||
| 999 |
_c18380 _d18380 |
||